| 000 | 00900 a2200253 4500 | ||
|---|---|---|---|
| 003 | Nust | ||
| 005 | 20230209131022.0 | ||
| 010 | _a 2004351204 | ||
| 020 | _a074325547X | ||
| 040 | _cNust | ||
| 082 | 0 | 0 | _a956.7044,WOO |
| 100 | 1 |
_aWoodward, Bob, _937767 |
|
| 245 | 1 | 0 |
_aPlan of attack / _cBob Woodward. |
| 260 |
_aNew York : _bSimon & Schuster, _cc2004. |
||
| 300 |
_axi, 467 : _bill., map ; _c24 cm. |
||
| 538 | _aAlmirah No.63 Shelf No.4 | ||
| 600 | 1 | 0 |
_aBush, George W. _d1946- _9105671 |
| 650 | 0 |
_aIraq War, 2003-2011 _xCauses. _9108785 |
|
| 651 | 0 |
_aUnited States _xForeign relations _y2001- _991376 |
|
| 651 | 0 |
_aUnited States _xOfficials and employees _9108786 |
|
| 856 | 4 | 2 |
_3Contributor biographical information _uhttp://www.loc.gov/catdir/bios/simon053/2004351204.html |
| 856 | 4 | 2 |
_3Publisher description _uhttp://www.loc.gov/catdir/description/simon051/2004351204.html |
| 942 |
_2ddc _cBK |
||
| 999 |
_c190491 _d190491 |
||